[Event "23rd OIBM 2019"]
[Site "Gmund am Tegernsee"]
[Date "2019.10.27"]
[Round "2.19"]
[White "Hedke, Fred"]
[Black "Vetoshko, Volodymyr"]
[Result "0-1"]
[WhiteElo "2225"]
[BlackElo "2506"]
[Annotator "ChessBase"]
[PlyCount "82"]
[EventDate "2019.10.17"]
[EventType "swiss"]
[EventCountry "GER"]
[SourceTitle "playchess.com"]
[Source "ChessBase"]
[SourceQuality "1"]
[TimeControl "40/5400+30:1800+30"]

1. e4 {[%emt 0:00:00]} g6 {[%emt 0:03:27]} 2. d4 {[%emt 0:00:48]} Bg7 {[%emt 0:00:01]} 3. Nf3 {[%emt 0:01:44]} d6 {[%emt 0:00:22]} 4. Bd3 {[%emt 0:04:47]} Nf6 {[%emt 0:01:26]} 5. O-O {[%emt 0:00:41]} O-O {[%emt 0:00:02]} 6. Re1 {[%emt 0:04:34]} c6 {[%emt 0:02:32]} 7. h3 {[%emt 0:05:03]} Nbd7 {[%emt 0:03:18]} 8. c3 {[%emt 0:04:41]} e5 {[%emt 0:00:35]} 9. dxe5 {[%emt 0:07:50]} dxe5 {[%emt 0:01:00]} 10. Bc2 {[%emt 0:03:00]} Qc7 {[%emt 0:04:22]} 11. a4 {[%emt 0:00:23]} Rd8 {[%emt 0:04:35]} 12. Qe2 {[%emt 0:03:04]} Nc5 {[%emt 0:05:34]} 13. Na3 {[%emt 0:03:41]} Nh5 {[%emt 0:02:39]} 14. Be3 {[%emt 0:05:25]} Nf4 {[%emt 0:02:25]} 15. Bxf4 {[%emt 0:02:33]} exf4 {[%emt 0:01:51]} 16. e5 {[%emt 0:03:00]} b6 {[%emt 0:03:48]} 17. Qc4 {[%emt 0:02:20]} Bh6 {[%emt 0:03:08]} 18. b4 {[%emt 0:07:13]} Be6 {[%emt 0:14:10]} 19. Qe2 {[%emt 0:01:56]} Nd7 {[%emt 0:00:15]} 20. Rad1 {[%emt 0:11:57]} Re8 {[%emt 0:04:13]} 21. Nc4 {[%emt 0:02:29]} Rad8 {[%emt 0:09:25]} 22. Nd6 {[%emt 0:07:45]} Re7 {[%emt 0:00:27]} 23. Ne4 {[%emt 0:07:08]} Bd5 {[%emt 0:10:27]} 24. Qd2 {[%emt 0:00:31]} Kg7 {[%emt 0:03:07]} 25. Qd4 {[%emt 0:00:33]} Nxe5 {[%emt 0:04:14]} 26. Nxe5 {[%emt 0:00:47]} Qxe5 {[%emt 0:00:12]} 27. Qxe5+ {[%emt 0:00:45]} Rxe5 {[%emt 0:00:04]} 28. c4 {[%emt 0:00:40]} Rde8 {[%emt 0:03:03]} 29. cxd5 {[%emt 0:00:48]} cxd5 {[%emt 0:00:05]} 30. f3 {[%emt 0:02:23]} f5 {[%emt 0:01:57]} 31. Kf1 {[%emt 0:00:52]} fxe4 {[%emt 0:00:53]} 32. fxe4 {[%emt 0:00:27]} dxe4 {[%emt 0:01:16]} 33. Rd7+ {[%emt 0:03:12]} Kf6 {[%emt 0:03:51]} 34. Rxa7 {[%emt 0:00:07]} Bf8 {[%emt 0:00:23]} 35. Rb7 {[%emt 0:01:24]} R8e6 {[%emt 0:01:18]} 36. Rb1 {[%emt 0:00:32]} e3 {[%emt 0:00:54]} 37. Ke2 {[%emt 0:01:34]} Rg5 {[%emt 0:01:04]} 38. g4 {[%emt 0:00:30]} Rd5 {[%emt 0:00:52]} 39. Bb3 {[%emt 0:01:49]} Rd2+ {[%emt 0:00:07]} 40. Kf1 {[%emt 0:00:24]} e2+ {[%emt 0:01:21]} 41. Ke1 {[%emt 0:30:09]} Bxb4 {[%emt 0:30:42]} 0-1

[Event "23rd OIBM 2019"]
[Site "Gmund am Tegernsee"]
[Date "2019.10.27"]
[Round "2.20"]
[White "Korneev, Oleg"]
[Black "Nagel, Bernhard"]
[Result "1-0"]
[WhiteElo "2504"]
[BlackElo "2224"]
[Annotator "RC"]
[PlyCount "115"]
[EventDate "2019.10.17"]
[EventType "swiss"]
[EventCountry "GER"]
[SourceTitle "playchess.com"]
[Source "ChessBase"]
[SourceQuality "1"]
[TimeControl "40/5400+30:1800+30"]

1. d4 {[%emt 0:02:14]} Nf6 {[%emt 0:00:00]} 2. Nf3 {[%emt 0:00:08]} e6 {[%emt 0:01:18]} 3. Bf4 {[%emt 0:04:54]} d5 {[%emt 0:00:49]} 4. e3 {[%emt 0:00:10]} Bd6 {[%emt 0:00:30]} 5. Bg3 {[%emt 0:00:18]} O-O {[%emt 0:01:18]} 6. Nbd2 {[%emt 0:00:26]} c5 {[%emt 0:01:52]} 7. c3 {[%emt 0:00:02]} b6 {[%emt 0:01:39]} 8. a4 {[%emt 0:09:47]} Nc6 {[%emt 0:06:05]} 9. Bb5 {[%emt 0:00:11]} Bb7 {[%emt 0:00:12]} 10. O-O {[%emt 0:00:25]} Ne7 {[%emt 0:05:47]} 11. Bd3 {[%emt 0:00:28]} Nf5 {[%emt 0:11:19]} 12. Bxf5 {[%emt 0:00:15]} exf5 {[%emt 0:00:06]} 13. Bxd6 {[%emt 0:04:00]} Qxd6 {[%emt 0:00:12]} 14. a5 {[%emt 0:14:44]} c4 {[%emt 0:01:41]} 15. Qa4 {[%emt 0:05:39]} Bc6 {[%emt 0:04:51]} 16. Qa3 {[%emt 0:01:02]} Qxa3 {[%emt 0:05:50]} 17. Rxa3 {[%emt 0:00:04]} b5 {[%emt 0:00:30]} 18. Ne1 {[%emt 0:03:08]} Ne4 {[%emt 0:09:25]} 19. Nxe4 {[%emt 0:00:06]} fxe4 {[%emt 0:00:17]} 20. a6 {[%emt 0:05:02]} Rab8 {[%emt 0:06:04]} 21. Nc2 {[%emt 0:00:07]} Rb6 {[%emt 0:02:50]} 22. Nb4 {[%emt 0:00:12]} f5 {[%emt 0:01:22]} 23. f4 {[%emt 0:02:12]} Rf6 {[%emt 0:02:40]} 24. Kf2 {[%emt 0:00:36]} Rd6 {[%emt 0:00:26]} 25. Rg1 {[%emt 0:02:04]} Bd7 {[%emt 0:00:14]} 26. h3 {[%emt 0:00:02]} h5 {[%emt 0:01:26]} 27. Kg3 {[%emt 0:02:33]} Kh7 {[%emt 0:03:04]} 28. Kh4 {[%emt 0:00:10]} Kh6 {[%emt 0:01:15]} 29. Raa1 {[%emt 0:00:09]} Bc8 {[%emt 0:01:49]} 30. Raf1 {[%emt 0:01:42]} Bd7 {[%emt 0:00:29]} 31. Rh1 {[%emt 0:03:01]} g6 {[%emt 0:05:31]} 32. Rfg1 {[%emt 0:00:23]} Bc8 {[%emt 0:00:10]} 33. Kg3 {[%emt 0:06:04]} Kg7 {[%emt 0:01:54]} 34. Kf2 {[%emt 0:01:05]} Bd7 {[%emt 0:00:18]} 35. Ke2 {[%emt 0:05:26]} Bc8 {[%emt 0:00:41]} 36. Kd2 {[%emt 0:00:08]} Bd7 {[%emt 0:01:37]} 37. Kc2 {[%emt 0:00:22]} Bc8 {[%emt 0:01:07]} 38. Ra1 {[%emt 0:00:16]} Kf6 {[%emt 0:02:33]} 39. g3 {[%emt 0:00:56]} Be6 {[%emt 0:01:53]} 40. Ra5 {[%emt 0:00:27]} Bd7 {[%emt 0:01:17]} 41. Kd2 {[%emt 0:30:15]} Kf7 {[%emt 0:31:29]} 42. Rb1 {[%emt 0:03:53]} Kg7 {[%emt 0:02:55]} 43. b3 {[%emt 0:01:18]} cxb3 {[%emt 0:00:49]} 44. Rxb3 {[%emt 0:00:23]} Be6 {[%emt 0:03:12]} 45. Nc2 {[%emt 0:02:52]} Rxa6 {[%emt 0:00:28]} 46. Rbxb5 {[%emt 0:01:31]} Rxa5 {[%emt 0:02:47]} 47. Rxa5 {[%emt 0:00:12]} Rd7 {[%emt 0:01:00]} 48. h4 {[%emt 0:01:14]} Bf7 {[%emt 0:07:52]} 49. Nb4 {[%emt 0:01:34]} Rb7 {[%emt 0:00:53]} 50. Kc2 {[%emt 0:01:10]} Rc7 {[%emt 0:00:14]} 51. Nxd5 {[%emt 0:00:38]} Rd7 {[%emt 0:00:13]} 52. c4 {[%emt 0:00:37]} Rb7 {[%emt 0:00:00]} 53. Kc3 {[%emt 0:00:00]} Bxd5 {[%emt 0:00:00]} 54. Rxd5 {[%emt 0:00:00]} a6 {[%emt 0:00:00]} 55. c5 {[%emt 0:00:00]} Rb1 {[%emt 0:00:00]} 56. Kc2 {[%emt 0:00:00]} Rb4 {[%emt 0:00:00]} 57. Rd7+ {[%emt 0:00:00]} Kf8 {[%emt 0:00:00]} 58. Ra7 {[%emt 0:00:00]} 1-0

[Event "23rd OIBM 2019"]
[Site "Gmund am Tegernsee"]
[Date "2019.10.27"]
[Round "2.21"]
[White "Heimrath, Reiner"]
[Black "Krzyzanowski, Marcin"]
[Result "0-1"]
[WhiteElo "2217"]
[BlackElo "2500"]
[Annotator "RC"]
[PlyCount "92"]
[EventDate "2019.10.17"]
[EventType "swiss"]
[EventCountry "GER"]
[SourceTitle "playchess.com"]
[Source "ChessBase"]
[SourceQuality "1"]
[TimeControl "40/5400+30:1800+30"]

1. e4 {[%emt 0:00:00]} g6 {[%emt 0:00:00]} 2. Nc3 {[%emt 0:00:28]} Bg7 {[%emt 0:01:33]} 3. g3 {[%emt 0:00:23]} d6 {[%emt 0:02:34]} 4. Bg2 {[%emt 0:00:10]} e5 {[%emt 0:02:49]} 5. Nge2 {[%emt 0:01:56]} Nc6 {[%emt 0:01:23]} 6. d3 {[%emt 0:00:13]} h5 {[%emt 0:00:35]} 7. h4 {[%emt 0:00:09]} Bg4 {[%emt 0:00:46]} 8. f3 {[%emt 0:00:30]} Be6 {[%emt 0:00:28]} 9. Bg5 {[%emt 0:04:05]} Qd7 {[%emt 0:05:28]} 10. Qd2 {[%emt 0:03:33]} Nge7 {[%emt 0:01:33]} 11. a3 {[%emt 0:14:55]} a6 {[%emt 0:07:09]} 12. b4 {[%emt 0:08:00]} f6 {[%emt 0:16:17]} 13. Be3 {[%emt 0:00:51]} d5 {[%emt 0:00:06]} 14. exd5 {[%emt 0:03:33]} Nxd5 {[%emt 0:00:33]} 15. Nxd5 {[%emt 0:00:11]} Bxd5 {[%emt 0:00:34]} 16. O-O {[%emt 0:09:01]} Ne7 {[%emt 0:11:20]} 17. Nc3 {[%emt 0:07:41]} Bc6 {[%emt 0:03:13]} 18. Kh2 {[%emt 0:11:42]} f5 {[%emt 0:08:23]} 19. Bg5 {[%emt 0:06:45]} O-O {[%emt 0:02:01]} 20. Rae1 {[%emt 0:00:26]} Rae8 {[%emt 0:00:24]} 21. Re2 {[%emt 0:02:41]} Kh7 {[%emt 0:03:01]} 22. Rfe1 {[%emt 0:04:55]} Nc8 {[%emt 0:01:08]} 23. Nd1 {[%emt 0:03:30]} Nd6 {[%emt 0:02:13]} 24. Nf2 {[%emt 0:00:12]} Nb5 {[%emt 0:01:17]} 25. Be3 {[%emt 0:05:53]} f4 {[%emt 0:07:30]} 26. gxf4 {[%emt 0:01:21]} exf4 {[%emt 0:00:46]} 27. Bc5 {[%emt 0:00:06]} Bc3 {[%emt 0:02:48]} 28. Re7+ {[%emt 0:08:13]} Rxe7 {[%emt 0:02:05]} 29. Rxe7+ {[%emt 0:00:02]} Qxe7 {[%emt 0:00:09]} 30. Bxe7 {[%emt 0:00:10]} Bxd2 {[%emt 0:00:07]} 31. Bxf8 {[%emt 0:00:04]} Nxa3 {[%emt 0:03:26]} 32. c4 {[%emt 0:02:35]} Nc2 {[%emt 0:01:32]} 33. b5 {[%emt 0:00:40]} axb5 {[%emt 0:00:12]} 34. cxb5 {[%emt 0:00:32]} Bxb5 {[%emt 0:00:59]} 35. Be7 {[%emt 0:00:30]} Be3 {[%emt 0:03:05]} 36. Ne4 {[%emt 0:00:09]} Bxd3 {[%emt 0:00:51]} 37. Ng5+ {[%emt 0:00:17]} Kg8 {[%emt 0:01:15]} 38. Bd8 {[%emt 0:01:06]} c5 {[%emt 0:01:07]} 39. Bh3 {[%emt 0:00:12]} Nd4 {[%emt 0:02:39]} 40. Bc8 {[%emt 0:00:29]} b5 {[%emt 0:03:43]} 41. Be7 {[%emt 0:02:41]} c4 {[%emt 0:10:19]} 42. Bb7 {[%emt 0:01:30]} c3 {[%emt 0:02:47]} 43. Bd5+ {[%emt 0:01:42]} Kg7 {[%emt 0:00:06]} 44. Bd6 {[%emt 0:00:47]} c2 {[%emt 0:02:14]} 45. Be5+ {[%emt 0:14:09]} Kf8 {[%emt 0:00:10]} 46. Bd6+ {[%emt 0:04:33]} Ke8 {[%emt 0:00:07]} 0-1

[Event "23rd OIBM 2019"]
[Site "Gmund am Tegernsee"]
[Date "2019.10.27"]
[Round "2.22"]
[White "Del Rio De Angelis, Salvador G."]
[Black "Ehrke, Michael"]
[Result "1-0"]
[WhiteElo "2491"]
[BlackElo "2222"]
[Annotator "ChessBase"]
[PlyCount "77"]
[EventDate "2019.10.17"]
[EventType "swiss"]
[EventCountry "GER"]
[SourceTitle "playchess.com"]
[Source "ChessBase"]
[SourceQuality "1"]
[TimeControl "40/5400+30:1800+30"]

1. d4 {[%emt 0:03:53]} d5 {[%emt 0:00:00]} 2. c4 {[%emt 0:00:10]} e6 {[%emt 0:00:25]} 3. Nc3 {[%emt 0:00:15]} c5 {[%emt 0:00:23]} 4. cxd5 {[%emt 0:00:20]} exd5 {[%emt 0:00:12]} 5. Nf3 {[%emt 0:00:12]} Nc6 {[%emt 0:00:38]} 6. dxc5 {[%emt 0:00:52]} d4 {[%emt 0:01:29]} 7. Na4 {[%emt 0:02:43]} Bxc5 {[%emt 0:02:26]} 8. Nxc5 {[%emt 0:00:13]} Qa5+ {[%emt 0:00:08]} 9. Qd2 {[%emt 0:00:15]} Qxc5 {[%emt 0:00:21]} 10. e3 {[%emt 0:00:07]} dxe3 {[%emt 0:01:50]} 11. Qxe3+ {[%emt 0:00:10]} Qxe3+ {[%emt 0:01:35]} 12. Bxe3 {[%emt 0:00:07]} Nge7 {[%emt 0:02:24]} 13. Bc4 {[%emt 0:01:25]} O-O {[%emt 0:01:42]} 14. O-O {[%emt 0:00:35]} Bg4 {[%emt 0:01:48]} 15. Ng5 {[%emt 0:00:36]} Bf5 {[%emt 0:12:57]} 16. f3 {[%emt 0:06:16]} h6 {[%emt 0:04:47]} 17. Ne4 {[%emt 0:00:11]} Rfd8 {[%emt 0:00:51]} 18. Rad1 {[%emt 0:04:20]} Ne5 {[%emt 0:08:10]} 19. Bb3 {[%emt 0:00:58]} Bxe4 {[%emt 0:10:49]} 20. fxe4 {[%emt 0:00:09]} Rxd1 {[%emt 0:02:31]} 21. Rxd1 {[%emt 0:00:08]} N7c6 {[%emt 0:00:59]} 22. h3 {[%emt 0:03:15]} a6 {[%emt 0:01:28]} 23. Bb6 {[%emt 0:06:51]} Re8 {[%emt 0:01:33]} 24. a3 {[%emt 0:00:52]} Re7 {[%emt 0:02:49]} 25. Bc5 {[%emt 0:01:33]} Re8 {[%emt 0:07:00]} 26. Bd5 {[%emt 0:02:36]} Rd8 {[%emt 0:01:19]} 27. Kf2 {[%emt 0:11:14]} Rd7 {[%emt 0:03:18]} 28. Ke2 {[%emt 0:00:43]} g6 {[%emt 0:06:31]} 29. b4 {[%emt 0:01:42]} Kg7 {[%emt 0:11:28]} 30. Rc1 {[%emt 0:06:05]} f6 {[%emt 0:04:31]} 31. a4 {[%emt 0:04:56]} Ne7 {[%emt 0:01:26]} 32. Be6 {[%emt 0:01:17]} Rc7 {[%emt 0:00:44]} 33. Rd1 {[%emt 0:03:14]} b6 {[%emt 0:04:30]} 34. Bd6 {[%emt 0:02:26]} Rc2+ {[%emt 0:01:14]} 35. Rd2 {[%emt 0:00:20]} Rxd2+ {[%emt 0:00:15]} 36. Kxd2 {[%emt 0:00:07]} N7c6 {[%emt 0:00:51]} 37. Kc3 {[%emt 0:01:52]} Nd8 {[%emt 0:01:22]} 38. Bc8 {[%emt 0:00:39]} a5 {[%emt 0:01:37]} 39. b5 {[%emt 0:00:31]} 1-0

[Event "23rd OIBM 2019"]
[Site "Gmund am Tegernsee"]
[Date "2019.10.27"]
[Round "2.23"]
[White "Zeier, Klaus"]
[Black "Yankelevich, Lev"]
[Result "0-1"]
[WhiteElo "2215"]
[BlackElo "2480"]
[Annotator "ChessBase"]
[PlyCount "86"]
[EventDate "2019.10.17"]
[EventType "swiss"]
[EventCountry "GER"]
[SourceTitle "playchess.com"]
[Source "ChessBase"]
[SourceQuality "1"]
[TimeControl "40/5400+30:1800+30"]

1. e4 {[%emt 0:00:00]} e5 {[%emt 0:04:01]} 2. Nf3 {[%emt 0:00:00]} Nc6 {[%emt 0:00:03]} 3. Bb5 {[%emt 0:00:00]} a6 {[%emt 0:00:06]} 4. Ba4 {[%emt 0:00:00]} d6 {[%emt 0:00:04]} 5. Bxc6+ {[%emt 0:00:30]} bxc6 {[%emt 0:00:07]} 6. d4 {[%emt 0:00:09]} exd4 {[%emt 0:00:33]} 7. Nxd4 {[%emt 0:00:15]} c5 {[%emt 0:01:26]} 8. Ne2 {[%emt 0:00:48]} g6 {[%emt 0:03:17]} 9. c4 {[%emt 0:03:55]} Bg7 {[%emt 0:00:49]} 10. O-O {[%emt 0:01:35]} Ne7 {[%emt 0:00:40]} 11. Nbc3 {[%emt 0:02:36]} O-O {[%emt 0:04:34]} 12. Bg5 {[%emt 0:05:08]} h6 {[%emt 0:00:23]} 13. Be3 {[%emt 0:00:22]} Rb8 {[%emt 0:08:22]} 14. Qd2 {[%emt 0:02:21]} Kh7 {[%emt 0:00:15]} 15. Rad1 {[%emt 0:00:31]} Be6 {[%emt 0:01:46]} 16. b3 {[%emt 0:00:52]} f5 {[%emt 0:00:07]} 17. Nf4 {[%emt 0:10:47]} Bf7 {[%emt 0:04:02]} 18. exf5 {[%emt 0:01:42]} Nxf5 {[%emt 0:00:21]} 19. Ncd5 {[%emt 0:05:15]} Re8 {[%emt 0:07:23]} 20. Qd3 {[%emt 0:03:09]} c6 {[%emt 0:03:45]} 21. Nc3 {[%emt 0:00:18]} Nxe3 {[%emt 0:01:42]} 22. fxe3 {[%emt 0:00:03]} Qe7 {[%emt 0:00:04]} 23. Rf3 {[%emt 0:06:49]} Qe5 {[%emt 0:10:45]} 24. Nce2 {[%emt 0:11:39]} Rbd8 {[%emt 0:02:49]} 25. Nh5 {[%emt 0:12:08]} Be6 {[%emt 0:08:30]} 26. Nxg7 {[%emt 0:02:57]} Kxg7 {[%emt 0:00:06]} 27. Rdf1 {[%emt 0:09:26]} Bf5 {[%emt 0:00:54]} 28. Qc3 {[%emt 0:00:34]} d5 {[%emt 0:00:57]} 29. cxd5 {[%emt 0:06:13]} Qxc3 {[%emt 0:00:07]} 30. Nxc3 {[%emt 0:00:03]} cxd5 {[%emt 0:00:02]} 31. h3 {[%emt 0:03:49]} h5 {[%emt 0:04:43]} 32. Ne2 {[%emt 0:03:24]} h4 {[%emt 0:01:46]} 33. Rd1 {[%emt 0:00:36]} d4 {[%emt 0:00:39]} 34. Rd2 {[%emt 0:00:57]} Be4 {[%emt 0:01:10]} 35. Rf1 {[%emt 0:02:10]} dxe3 {[%emt 0:00:23]} 36. Rxd8 {[%emt 0:00:15]} Rxd8 {[%emt 0:00:05]} 37. Re1 {[%emt 0:00:57]} Re8 {[%emt 0:02:51]} 38. Rd1 {[%emt 0:01:17]} Rf8 {[%emt 0:02:04]} 39. Rd7+ {[%emt 0:01:54]} Rf7 {[%emt 0:00:11]} 40. Rxf7+ {[%emt 0:00:20]} Kxf7 {[%emt 0:00:05]} 41. Nc3 {[%emt 0:30:23]} Bc6 {[%emt 0:33:52]} 42. Kf1 {[%emt 0:00:21]} Ke6 {[%emt 0:00:38]} 43. Nd1 {[%emt 0:01:10]} Bxg2+ {[%emt 0:00:15]} 0-1

[Event "23rd OIBM 2019"]
[Site "Gmund am Tegernsee"]
[Date "2019.10.27"]
[Round "2.24"]
[White "Loiseau, Quentin"]
[Black "Gohla, Ulf"]
[Result "1-0"]
[WhiteElo "2471"]
[BlackElo "2217"]
[Annotator "ChessBase"]
[PlyCount "79"]
[EventDate "2019.10.17"]
[EventType "swiss"]
[EventCountry "GER"]
[SourceTitle "playchess.com"]
[Source "ChessBase"]
[SourceQuality "1"]
[TimeControl "40/5400+30:1800+30"]

1. e4 {[%emt 0:03:14]} e5 {[%emt 0:00:00]} 2. Nf3 {[%emt 0:00:24]} Nc6 {[%emt 0:00:00]} 3. Bb5 {[%emt 0:00:37]} a6 {[%emt 0:00:00]} 4. Ba4 {[%emt 0:00:05]} d6 {[%emt 0:00:19]} 5. O-O {[%emt 0:00:28]} Be7 {[%emt 0:04:50]} 6. d4 {[%emt 0:01:52]} b5 {[%emt 0:01:53]} 7. Bb3 {[%emt 0:00:37]} Nxd4 {[%emt 0:00:20]} 8. Nxd4 {[%emt 0:00:26]} exd4 {[%emt 0:00:03]} 9. Qh5 {[%emt 0:09:28]} g6 {[%emt 0:01:24]} 10. Qf3 {[%emt 0:00:14]} Be6 {[%emt 0:03:35]} 11. c3 {[%emt 0:01:06]} c5 {[%emt 0:13:03]} 12. cxd4 {[%emt 0:02:20]} c4 {[%emt 0:00:39]} 13. d5 {[%emt 0:01:08]} Bd7 {[%emt 0:01:33]} 14. Bc2 {[%emt 0:00:06]} Bg5 {[%emt 0:07:20]} 15. Nd2 {[%emt 0:14:12]} Nh6 {[%emt 0:14:58]} 16. Qg3 {[%emt 0:03:43]} O-O {[%emt 0:15:39]} 17. Qxd6 {[%emt 0:02:03]} Be7 {[%emt 0:00:29]} 18. Qf4 {[%emt 0:04:36]} Bg5 {[%emt 0:00:23]} 19. Qg3 {[%emt 0:00:25]} f5 {[%emt 0:05:58]} 20. Nf3 {[%emt 0:08:36]} Bxc1 {[%emt 0:02:03]} 21. Raxc1 {[%emt 0:00:28]} fxe4 {[%emt 0:00:20]} 22. Bxe4 {[%emt 0:00:30]} Bf5 {[%emt 0:03:27]} 23. Qf4 {[%emt 0:02:04]} Bxe4 {[%emt 0:01:37]} 24. Qxe4 {[%emt 0:00:09]} Re8 {[%emt 0:01:25]} 25. Qf4 {[%emt 0:01:41]} Nf5 {[%emt 0:00:40]} 26. Rfd1 {[%emt 0:01:04]} Re2 {[%emt 0:01:37]} 27. d6 {[%emt 0:05:50]} Qb6 {[%emt 0:02:26]} 28. Ne5 {[%emt 0:04:51]} Rd8 {[%emt 0:03:56]} 29. Nxc4 {[%emt 0:02:19]} Qc5 {[%emt 0:04:17]} 30. Qf3 {[%emt 0:04:45]} Re6 {[%emt 0:00:52]} 31. Ne3 {[%emt 0:01:30]} Qe5 {[%emt 0:00:58]} 32. Ng4 {[%emt 0:02:17]} Qxb2 {[%emt 0:00:58]} 33. d7 {[%emt 0:05:22]} Qb4 {[%emt 0:01:24]} 34. Qd5 {[%emt 0:01:01]} Qd6 {[%emt 0:00:21]} 35. Qb3 {[%emt 0:05:33]} Qe7 {[%emt 0:02:02]} 36. Rc8 {[%emt 0:00:42]} Kf7 {[%emt 0:00:25]} 37. Rxd8 {[%emt 0:03:18]} Qxd8 {[%emt 0:00:15]} 38. Qd5 {[%emt 0:02:02]} Ne7 {[%emt 0:01:48]} 39. Nh6+ {[%emt 0:00:20]} Kf6 {[%emt 0:00:22]} 40. Qd4+ {[%emt 0:00:06]} 1-0

[Event "23rd OIBM 2019"]
[Site "Gmund am Tegernsee"]
[Date "2019.10.27"]
[Round "2.25"]
[White "Richter, Nils"]
[Black "Vogel, Roven"]
[Result "0-1"]
[WhiteElo "2213"]
[BlackElo "2456"]
[Annotator "TA"]
[PlyCount "145"]
[EventDate "2019.10.17"]
[EventType "swiss"]
[EventCountry "GER"]
[SourceTitle "playchess.com"]
[Source "ChessBase"]
[SourceQuality "1"]

{[%evp 17,145,0,0,-24,41,-41,-35,-43,-37,-48,-41,-41,0,-20,0,-12,0,0,0,0,0,0,20,-15,26,31,111,75,68,79,72,93,131,159,145,169,145,40,50,0,8,7,0,0,25,25,21,14,100,48,66,70,71,68,68,68,60,55,50,56,112,-85,131,130,108,50,175,139,133,0,180,0,0,0,0,0,0,0,0,0,0,0,0,0,39,32,54,54,54,54,53,49,16,14,36,36,41,24,79,77,158,153,139,103,107,87,125,12,8,8,8,0,0,0,79,77,79,86,82,0,0,0,0,-8,-8,-8,0,-8,0,-8]} 1. e4 d6 2. d4 Nf6 3. Nc3 g6 4. f4 Bg7 5. Nf3 O-O 6. e5 dxe5 7. fxe5 Nd5 8. Bc4 Nxc3 9. bxc3 c5 10. O-O {B09: Pirc Defence: Austrian Attack} Nc6 (10... Bg4 $1 $11) 11. Be3 (11. Ng5 $14 e6 12. Be3) 11... Bg4 $15 12. h3 {Black is slightly better.} Bxf3 $1 13. Rxf3 Qa5 14. Bf2 {[#]} Qc7 $146 ({Predecessor:} 14... Rad8 15. Qf1 e6 16. Bb5 cxd4 17. Bxc6 bxc6 18. cxd4 {½-½ (30) Shevchenko,K (2527)-Mchedlishvili,M (2590) Linares 2017}) 15. Qe2 Rac8 16. Bb5 Nd8 17. Bd3 $36 {[%mdl 2048] White fights for an advantage.} Ne6 18. Rb1 cxd4 19. cxd4 Rfd8 20. c3 Bh6 (20... Qxc3 $5 {[%cal Re6d4]} 21. Bxg6 Nxd4 {[%mdl 64] Double Attack} 22. Bxf7+ Kh8 23. Bxd4 Qxd4+ {[%mdl 64] Double Attack} 24. Kh1 Rc3 $11) 21. Bc2 Nf4 ({Black should play} 21... Qa5 $14) 22. Qe4 $16 Nd5 23. Be1 e6 24. a4 b6 25. Bb3 Rd7 26. c4 Ne7 27. Bb4 (27. d5 $1 $16) 27... Nc6 $14 28. Bd6 Rxd6 29. exd6 Qxd6 30. Rd1 Na5 31. Ba2 Bg7 32. Kh1 Rd8 (32... Nc6 $11 {remains equal.}) 33. Rfd3 ({White should try} 33. c5 $1 $16 {[%cal Rc5d6]} bxc5 34. Rdf1 Qxd4 35. Qb1) 33... Qb4 34. d5 exd5 $1 35. Rxd5 Rf8 36. Qc2 Nb7 $1 37. Rd7 Nc5 38. Rxa7 Qa3 ({Better is} 38... Be5 $14) 39. Rf1 $2 (39. Qe2 $16 {is forced if you want to stay better.}) 39... f5 $2 (39... Qg3 $1 $17 40. Re7 (40. Qf2 $2 Ne4 $19) 40... Be5 41. Rxe5 Qxe5) 40. Rf3 $16 Qb4 {aiming for ...Qe1+.} 41. Re3 (41. Qd1 $16) 41... Bd4 (41... Ne4 $14) 42. Ree7 Bf6 43. Re3 Bd4 {[#]} 44. Re2 $2 (44. Qd1 $1 $18 {[%cal Rd1d4][%mdl 512]} Qb2 45. Re2) 44... Ne4 $1 $11 45. Qd3 Qc5 46. Rd7 Be5 {...Ng3+ is the strong threat.} 47. Qd5+ Qxd5 48. Rxd5 Ng3+ {[%mdl 64] Double Attack} 49. Kh2 Nxe2+ 50. Rxe5 {[%mdl 4096] Endgame Strongly threatening c5+. KRB-KRN} Nc3 51. Bb3 {Threatens to win with c5+.} Kg7 52. c5 bxc5 53. Rxc5 Ne4 54. Rc7+ Kf6 55. Rxh7 Nc5 56. Bc2 Ra8 57. Rh4 Ke5 (57... Ne4 $1 $11 {keeps the balance.}) 58. Rb4 $16 Rd8 (58... Ne4 $142) 59. Rb5 Kd4 60. Bd1 Ne4 61. Bb3 Rc8 62. Be6 (62. Bf7 $16) 62... Rc1 $11 63. Bf7 Nd2 $1 64. h4 {Hoping for Rd5+.} Nf1+ 65. Kg1 {Black must now prevent Kf2.} Ne3+ (65... Ng3+ $11 66. Kh2 Nf1+ 67. Kg1 Nd2+ 68. Kh2 Nf1+) 66. Kf2 $16 {And now Rb4+ would win.} Ng4+ 67. Kg3 Ne5 68. Be8 (68. Ba2 $16) 68... Rc8 $11 {The position is equal.} 69. Bxg6 Rc3+ 70. Kf2 Rc2+ 71. Kg3 Rc3+ 72. Kf2 Rc2+ 73. Kg3 {[%mdl 32768] Accuracy: White = 45%, Black = 40%. . Sensor Board Error (Ke4/e5)?} 0-1

[Event "23rd OIBM 2019"]
[Site "Gmund am Tegernsee"]
[Date "2019.10.27"]
[Round "2.26"]
[White "Parvanyan, Ashot"]
[Black "Yi, Danny"]
[Result "1-0"]
[WhiteElo "2448"]
[BlackElo "2211"]
[Annotator "NA"]
[PlyCount "69"]
[EventDate "2019.10.17"]
[EventType "swiss"]
[EventCountry "GER"]
[SourceTitle "playchess.com"]
[Source "ChessBase"]
[SourceQuality "1"]
[TimeControl "40/5400+30:1800+30"]

1. Nf3 {[%emt 0:00:00]} Nf6 {[%emt 0:00:00]} 2. c4 {[%emt 0:00:00]} g6 {[%emt 0:00:00]} 3. Nc3 {[%emt 0:00:00]} d5 {[%emt 0:02:14]} 4. cxd5 {[%emt 0:00:08]} Nxd5 {[%emt 0:00:20]} 5. h4 {[%emt 0:00:13]} h5 {[%emt 0:01:18]} 6. e4 {[%emt 0:01:30]} Nxc3 {[%emt 0:03:11]} 7. bxc3 Bg7 8. Qb3 {[%emt 0:05:21]} O-O {[%emt 0:04:17]} 9. Ba3 {[%emt 0:07:41]} b6 {[%emt 0:05:15]} 10. Ng5 {[%emt 0:03:20]} c5 {[%emt 0:06:34]} 11. d4 {[%emt 0:10:37]} Nc6 {[%emt 0:19:30]} 12. d5 {[%emt 0:11:43]} Na5 {[%emt 0:02:25]} 13. Qc2 {[%emt 0:00:07]} Qc7 {[%emt 0:09:36]} 14. Bd3 {[%emt 0:07:48]} Qe5 {[%emt 0:05:35]} 15. Rc1 {[%emt 0:01:50]} e6 {[%emt 0:03:52]} 16. O-O {[%emt 0:05:10]} exd5 {[%emt 0:05:25]} 17. exd5 {[%emt 0:00:30]} Qf4 {[%emt 0:03:26]} 18. g3 {[%emt 0:03:08]} Qd6 {[%emt 0:00:49]} 19. Rce1 {[%emt 0:03:05]} Bg4 {[%emt 0:03:01]} 20. c4 {[%emt 0:04:44]} Bd4 {[%emt 0:05:09]} 21. Kh2 {[%emt 0:02:38]} Qf6 {[%emt 0:00:59]} 22. Bc1 {[%emt 0:02:35]} Rae8 {[%emt 0:02:25]} 23. Bf4 {[%emt 0:00:24]} Nb7 {[%emt 0:00:50]} 24. Rxe8 {[%emt 0:05:18]} Rxe8 {[%emt 0:00:01]} 25. Qa4 {[%emt 0:00:08]} Ra8 {[%emt 0:05:04]} 26. Re1 {[%emt 0:06:07]} Nd6 {[%emt 0:02:42]} 27. f3 {[%emt 0:06:10]} b5 {[%emt 0:06:51]} 28. Qa6 {[%emt 0:03:57]} Bf5 {[%emt 0:00:43]} 29. Bxf5 {[%emt 0:07:19]} Nxf5 {[%emt 0:00:08]} 30. Qxb5 {[%emt 0:01:03]} Bc3 {[%emt 0:02:10]} 31. Re8+ {[%emt 0:00:42]} Rxe8 {[%emt 0:00:01]} 32. Qxe8+ {[%emt 0:00:04]} Kg7 {[%emt 0:00:10]} 33. d6 {[%emt 0:00:57]} Nh6 {[%emt 0:01:34]} 34. d7 {[%emt 0:01:13]} Qd4 {[%emt 0:00:39]} 35. Be5+ {[%emt 0:00:21]} 1-0